00454nam a2200193Ia 4500003000900000008004100009040001300050040001300063041000800076100002400084245004700108250001000155260002000165260000900185300001100194300001200205490003700217490000600254IT-RoPAU120407s9999 xx 000 0 und d aIT-RoPAU cIT-RoPAU aita aFabrizio Ravaglioli aDa Nietzsche a Weber. Studio sulla morale aRoma  aArmando Armando c1977 a230 p. c19,5 cm aEducazione comparata e pedagogie v7